| 000 | 01469cam a22004334i 4500 | ||
|---|---|---|---|
| 003 | PE-LiUPU | ||
| 005 | 20250731173436.0 | ||
| 008 | 150616s1964 ag rb 000 0 spa d | ||
| 035 | _a(Sirsi) a5522 | ||
| 040 |
_aPE-LiUPU _bspa _cPE-LiUPU _erda |
||
| 049 | _aPRUA | ||
| 082 | 0 | 4 |
_a270.6 _bL51 _221 |
| 100 | 1 |
_aLeskó, Béla, _eautor. |
|
| 245 | 1 | 0 |
_aEn busca del pensamiento de Martín Lutero / _cBéla Leskó. |
| 264 | 1 |
_aBuenos Aires : _bImprenta Danubio S.R.L., _c1964. |
|
| 300 |
_a160 páginas ; _c23 centímetros |
||
| 336 |
_atext _2rdacontent |
||
| 337 |
_aunmediated _2rdamedia |
||
| 338 |
_avolume _2rdacarrier |
||
| 504 | _aBibliografía, páginas 157-158. | ||
| 505 | 0 | _aLa biblicidad de los Catecismos de Lutero -- Ley y evangelio y el "tercer uso de la ley".- La santificación en la doctrina luterana -- Problemas del sacrificio eucarístico. | |
| 526 | _aSEG42 | ||
| 526 | _aSEG41 | ||
| 526 | _aSEG40 | ||
| 526 | _aSEG39 | ||
| 526 | _aP94 | ||
| 526 | _aP87 | ||
| 526 | _aP86 | ||
| 526 | _aP85 | ||
| 526 | _aP77 | ||
| 526 | _aP76 | ||
| 526 | _aP35 | ||
| 600 | 1 | 4 |
_aLutero, Martín _d1483-1546 _91632 _xCrítica, interpretación, etc. |
| 910 | _ajck | ||
| 942 |
_2ddc _cBK |
||
| 949 |
_a270.6 L51 _wDEWEY _c1 _i39543 _lCCODEBUL1 _mBUL _p00.00 _r0 _sY _tBOOK _u19950911 _xTEOLOGIA _zUNKNOWN _0COMPRA _o.STAFF. Colección General |
||
| 999 |
_c56560 _d56560 |
||
| 980 |
_81 _gALBERTO SANCHEZ Responsable de Automatización |
||